AcroNUMs (Movies) - Statistics

General Stats
  • This quiz has been taken 17 times
    10 since last reset
  • The average score is 19 of 34
Answer Stats
Hint Answer % Correct
127 H 127 Hours
100%
13 GO 30 13 Going On 30
100%
101 D 101 Dalmations
90%
8 M 8 Mile
90%
12 YAS 12 Years A Slave
80%
2001 ASO 2001 A Space Odyssey
80%
21 JS 21 Jump Street
80%
3 MAAB 3 Men And A Baby
80%
O 11 Oceans 11
80%
T 40 YOV The 40 Year Old Virgin
80%
50 FD 50 First Dates
70%
6 D 7 N 6 Days 7 Nights
70%
D 9 District 9
70%
28 DL 28 Days Later
60%
ATWI 80 D Around The World in 80 Days
60%
GI 60 S Gone In 60 Seconds
60%
10 TIHAY 10 Things I Hate About You
50%
17 A 17 Again
50%
3 K 3 Kings
50%
47 R 47 Ronin
50%
4 WAAF 4 Weddings And A Funeral
50%
50 SOG 50 Shades Of Grey
50%
A 13 Apollo 13
50%
F4 Fantastic 4
50%
HTLAGI 10 D How To Lose A Guy In 10 Days
50%
12 AM 12 Angry Men
40%
12 M 12 Monkeys
40%
7 S 7 Samurai
40%
TTOP 123 The Taking Of Pelham 123
40%
16 C 16 Candles
30%
S 8 Super 8
30%
TN 23 The Number 23
10%
30 MOL 30 Minutes Or Less
0%
BB 2000 Blues Brothers 2000
0%
No matching quizzes found
Score Distribution
Percent of People with Each Score
Percentile by Number Answered
Your Score History
You have not taken this quiz since the last reset